Αειφορία, αειφόρος ανάπτυξη, φύση και ανθρώπινη φύση : ο κόσμος μας ; quo vadis ?

Saved in:
Bibliographic Details
Other Authors: Παπαδομαρκάκης, Ιωάννης (Editor), Γκρίτζαλης, Στέφανος (Author of introduction, etc.), Θεοδωροπούλου, Έλενα Κ. (Author of introduction, etc.), Καΐλα, Μαρία Α. (Author of introduction, etc., edtf), Ανδρεαδάκης, Νίκος Σ. (Editor), Παπαβασιλείου, Βασίλειος Φ. (Editor)
Format: Book
Language:Greek
Published: Ζεφύρι [Αθήνα] : Διάδραση, c2018.
Subjects:
Tags: Add Tag
No Tags, Be the first to tag this record!

MARC

LEADER 00000cam a2200000 a 4500
001 1/117925
008 190129s2018####gr | ||| |||| ||gre||
020 |a 9786185059842 
040 |a GR-MyUa  |b gre  |c GR-MyUa  |e AACR2 
041 0 |a gre 
082 7 |a 363.7   |2 (23) 
245 0 0 |a Αειφορία, αειφόρος ανάπτυξη, φύση και ανθρώπινη φύση :   |b ο κόσμος μας ; quo vadis ? /   |c επιστημονική επιμέλεια: Βασίλης Παπαβασιλείου ... [και ά.].  
260 |a Ζεφύρι [Αθήνα] :   |b Διάδραση,   |c c2018.  
300 |a 598 σ. :   |b εικ., πίν. ;   |c 24 εκ.  
500 |a Περιέχει βιογραφικά σημειώματα επιμελητών.  
504 |a Περιλαμβάνει βιβλιογραφίες.  
504 |a Περιλαμβάνει βιβλιογραφικές παραπομπές.  
650 0 |a Environmental education. 
650 0 |a Ecology. 
650 0 |a Energy policy  |x Environmental aspects. 
650 0 |a Environmental education  |x Activity programs. 
650 0 |a Environmental education  |x Study and teaching. 
700 1 |a Παπαδομαρκάκης, Ιωάννης,  |e edt 
700 1 |a Γκρίτζαλης, Στέφανος,  |e aui 
700 1 |a Θεοδωροπούλου, Έλενα Κ.  |e aui 
700 1 |a Καΐλα, Μαρία Α.  |e edtf  |e aui 
700 1 |a Ανδρεαδάκης, Νίκος Σ.  |e edt 
700 1 |a Παπαβασιλείου, Βασίλειος Φ.  |e edt 
852 |a INST  |b RHODES  |e 20190129  |h 363.7 AEI  |p 005400040395  |q 005400040395  |t BK  |y 0 
852 |a INST  |b RHODES  |e 20201110  |h 363.7 AEI  |p 005400041786  |q 005400041786  |t BK  |y 0 
852 |a INST  |b RHODES  |c EUDOXUS  |e 20210111  |h 363.7 ΑΕΙ  |p 005400041798  |q 005400041798  |t EDX  |y 0 
920 |a Εύδοξος  |b Παραγγελία   |y Ρόδος-ΤΕΠΑΕΣ  |z 2021-01 
970 |a Μαρία  |b Κωτάκου  |z 29-01-2019